00314nam a2200109Ia 450000500170000000800410001710000200005824500910007826000160016930000100018565000090019520260328104333.0260328s9999||||xx |||||||||||||| ||und|| aFlóki, Alfred 4aThe Singular World of Alfred Flóki/Furðuveröld Alfreðs Flóka /cAlfred Flóki bBokautgafan a51 p. aARTE